Starbucks Locations Around the World- Sudden Death - Statistics

General Stats
  • This quiz has been taken 32 times
  • The average score is 9 of 21
Answers on the Grid
Answers color-coded by a green-red scale on the quiz's grid according to % correct below.
USA
Canada
Spain
France
Namibia
Sudan
Ethiopia
China
Japan
India
Thailand
Singapore
Kenya
Syria
Germany
Netherlands
Belgium
Italy
Bosnia & Herzegovina
Croatia
Greece
Turkiye
Egypt
UAE
Oman
Qatar
Iran
Yemen
Indonesia
Malaysia
North Korea
South Korea
 
Answer Stats
Answer % Correct
USA
93%
Canada
86%
France
71%
Spain
64%
Germany
57%
Netherlands
57%
Belgium
50%
Italy
50%
Japan
50%
Thailand
43%
Greece
36%
Singapore
36%
India
21%
Indonesia
21%
Qatar
21%
South Korea
21%
UAE
21%
Egypt
14%
Malaysia
14%
Oman
14%
Turkiye
14%
No matching quizzes found
Score Distribution
Percent of People with Each Score
Percentile by Number Answered
Your Score History
You have not taken this quiz